Central Library OPAC University of Rajshahi

India : (Record no. 26262)

MARC details
000 -LEADER
fixed length control field 00932cam a2200277 4500
001 - CONTROL NUMBER
control field 26262
003 - CONTROL NUMBER IDENTIFIER
rucl marc code BD-RjUL
005 - DATE AND TIME OF LATEST TRANSACTION
control field 20211209051006.0
008 - FIXED-LENGTH DATA ELEMENTS--GENERAL INFORMATION
fixed length control field 140320r19891961miub b 001 0 eng
020 ## - INTERNATIONAL STANDARD BOOK NUMBER
International Standard Book Number 8122900097( hard paper)
International Standard Book Number 8122900100 (Paper back)
035 ## - SYSTEM CONTROL NUMBER
System control number (BD-RjUL)263332
040 ## - CATALOGING SOURCE
Original cataloging agency DLC
Transcribing agency DLC
Modifying agency DLC
-- BD-RjUL
Language of cataloging eng
041 ## - LANGUAGE CODE
Language code of text/sound track or separate title eng
082 00 - DEWEY DECIMAL CLASSIFICATION NUMBER
Classification number 954
Author mark and year SPI 1989
100 1# - MAIN ENTRY--PERSONAL NAME
Personal name Spear, Thomas George Percival.
9 (RLIN) 69958
245 00 - TITLE STATEMENT
Title India :
Remainder of title A modern history /
Statement of responsibility, etc. Thomas George Percival Spear
260 ## - PUBLICATION, DISTRIBUTION, ETC. (IMPRINT)
Place of publication, distribution, etc. Ann Arbor :
Name of publisher, distributor, etc. University of Michigan Press,
Date of publication, distribution, etc. 1961 [printing 1989]
300 ## - PHYSICAL DESCRIPTION
Pagination xvi, 511 p. :
Illustrations maps. ;
Size 25 cm.
490 1# - SERIES STATEMENT
Series statement The University of Michigan history of the modern world
504 ## - BIBLIOGRAPHY, ETC. NOTE
Bibliography, etc Bibliographical references included in "Notes" (p. [457]-467) Bibliography: p. [469]-488.
651 #0 - SUBJECT ADDED ENTRY--GEOGRAPHIC NAME
Geographic name India
General subdivision History.
9 (RLIN) 80746
942 ## - ADDED ENTRY ELEMENTS (KOHA)
Source of classification or shelving scheme Dewey Decimal Classification
Koha item type Books
Holdings
Lost status Source of classification or shelving scheme Damaged status Not for loan Collection code Permanent Location Current Location Shelving location Date acquired Source of acquisition Cost, normal purchase price Total Checkouts Full call number Date last seen Copy number Koha item type
  Dewey Decimal Classification     Non-fiction Central Library, University of Rajshahi Central Library, University of Rajshahi   20/06/1999 Ankur,Prokashone Dhaka 171.00   954 SPI 1989 20/03/2014 C-2 Books
  Dewey Decimal Classification   Added to bundle Non-fiction Central Library, University of Rajshahi Central Library, University of Rajshahi   20/06/1999 Ankur,Prokashone Dhaka 171.00   954 SPI 1989 20/03/2014 C-1 Books